000 00547nam a2200181Ia 4500
999 _c21868
_d21868
003 OSt
005 20201119093351.0
008 190216s9999||||xx |||||||||||||| ||und||
040 _coclc
082 _a907.2
_bGAN/H
100 _aGangadharan, T K
_91824
245 0 _aHistoriography
_bWith Special Reference To India /
_cT K Gangadharan
250 _a1st Ed.
260 _bCalicut University Central Co-Operative,
_c2007.
_aCalicut:
300 _a226p
650 _aHistory
942 _cBK
_2ddc
_h907.2
_iGAN/H
_k907.2
_mGAN/H